Les nationalites detachees de l'Empire ottoman a la suite de la guerre /
Saved in:
Main Author:
Format: Book
Language: French
Subjects:
Tags: Add Tag
No Tags, Be the first to tag this record!
Call Number: JX1568 .G25 1934
| LEADER | 01153namaa2200289 4500 | ||
|---|---|---|---|
| 001 | 15009 | ||
| 003 | OSt | ||
| 005 | 20201103102754.0 | ||
| 008 | 130303s1934 fr g b 000 0 fre d | ||
| 952 | |0 0 |1 0 |2 lcc |4 0 |6 JX1568 G25 01934 |7 1 |9 7264 |a ARCE |b ARCE |d 2020-11-03 |l 0 |o JX1568 .G25 1934 |p 1007346 |r 2020-11-03 00:00:00 |w 2020-11-03 |y BK | ||
| 999 | |c 15355 |d 15355 | ||
| 040 | |c ARCE Library | ||
| 043 | |a a-tu | ||
| 050 | 0 | 4 | |a JX1568 .G25 1934 |
| 100 | 1 | |a Ghali, Paul, |e author | |
| 245 | 1 | 4 | |a Les nationalites detachees de l'Empire ottoman a la suite de la guerre / |c Preface de Gilbert Gidel. |
| 264 | 1 | |a Paris, : |b Les Editions Domat-Montchrestien, F. Loviton, |c 1934. | |
| 300 | |a 448 pages ; |c 24 cm. | ||
| 336 | |a text |b txt |2 rdacontent | ||
| 337 | |a unmediated |b n |2 rdamedia | ||
| 338 | |a volume |b nc |2 rdacarrier | ||
| 500 | |a "Ouvrage publie sous le patronage du Rotary club d'Alexandrie (Egypte)" | ||
| 500 | |a "Texts of the nationality laws discussed are contained in the "Annexes" (pages [333]-414)" | ||
| 504 | |a Includes bibliographical references. | ||
| 650 | 0 | |a World War, 1914-1918 |x Territorial questions |z Turkey. | |
| 901 | |a reviewed | ||
| 942 | |c BK |2 lcc | ||
